000 00429nam a2200181Ia 4500
001 9952
005 20260306161756.0
008 260306t1971||||xx |||||||||||||| ||spa||
041 _aESP
082 _aES 868.6
_bE15
100 _aEcheverría, Rosa María
_eAUT
245 0 _aLa segunda parte del hombre
260 _c1971
300 _a217 páginas :
_c18 cm.
650 _aGEN
654 _aCHU
942 _cLIB
_dJUS
_fJUS
_2ddc
_n
999 _c9952
_d9952